[Event "Aalst op 15th"]
[Site "Aalst"]
[Date "2013.05.01"]
[Round "3"]
[White "De Weird, Matthias"]
[Black "Lot, Diederik"]
[Result "1-0"]
[WhiteElo "1699"]
[BlackElo "1927"]
[PlyCount "53"]
[EventDate "2013.04.17"]
[EventType "swiss"]
[EventRounds "9"]
[EventCountry "BEL"]
[SourceTitle "EXT 2014"]
[Source "ChessBase"]
[SourceDate "2013.11.20"]
[SourceVersion "1"]
[SourceVersionDate "2013.11.20"]
[SourceQuality "1"]

1. e4 c6 2. c4 d5 3. cxd5 cxd5 4. exd5 Qxd5 5. Nc3 Qa5 6. Nf3 Nf6 7. Bc4 e6 8. 0-0 Be7 9. d4 0-0 10. Be3 Rd8 11. Qb3 Nc6 12. Rad1 Qh5 13. Be2 Bd6 14. Ne5 Qh4 15. g3 Qh3 16. Bg5 Qf5 17. f4 Nxd4 18. Rxd4 Bc5 19. g4 Bxd4+ 20. Kg2 Nxg4 21. Bxg4 Qxg5 22. fxg5 Bxe5 23. Rd1 Bd7 24. Bf3 Rab8 25. Qc4 a6 26. Qc5 Bf4 27. Qe7 1-0

[Event "Geraardsbergen op 28th"]
[Site "Geraardsbergen"]
[Date "2012.08.14"]
[Round "8"]
[White "Lot, Diederik"]
[Black "Sterck, Arno"]
[Result "1/2-1/2"]
[WhiteElo "1923"]
[BlackElo "1770"]
[PlyCount "60"]
[EventDate "2012.08.11"]
[EventType "swiss"]
[EventRounds "9"]
[EventCountry "BEL"]
[SourceTitle "EXT 2013"]
[Source "ChessBase"]
[SourceDate "2012.11.22"]
[SourceVersion "1"]
[SourceVersionDate "2012.11.22"]
[SourceQuality "1"]

1. e4 c5 2. Nf3 Nc6 3. Bb5 g6 4. 0-0 Bg7 5. Re1 a6 6. Bxc6 bxc6 7. d4 cxd4 8. Nxd4 c5 9. Nb3 d6 10. c3 Bd7 11. N1d2 a5 12. Nf3 a4 13. Nbd2 Nh6 14. e5 d5 15. c4 e6 16. cxd5 exd5 17. Nf1 Nf5 18. Qxd5 Rc8 19. Bg5 Qc7 20. e6 fxe6 21. Rxe6+ Bxe6 22. Qxe6+ Kf8 23. Rd1 Re8 24. Qc4 Bxb2 25. Bf4 Qe7 26. Ng3 Kg7 27. Qc2 Bf6 28. Nxf5+ gxf5 29. Qxf5 Qe6 30. Qh5 Rhg8 1/2-1/2

[Event "BEL-ch op"]
[Site "Westerlo"]
[Date "2010.07.08"]
[Round "6"]
[White "Lot, Diederik"]
[Black "Barbier, Wim"]
[Result "1/2-1/2"]
[WhiteElo "1924"]
[BlackElo "2151"]
[PlyCount "107"]
[EventDate "2010.07.03"]
[EventType "swiss"]
[EventRounds "9"]
[EventCountry "BEL"]
[SourceTitle "CBM 137 Extra"]
[Source "ChessBase"]
[SourceDate "2010.09.01"]
[SourceVersion "1"]
[SourceVersionDate "2010.09.01"]
[SourceQuality "1"]

1. e4 c5 2. Nf3 g6 3. c3 Bg7 4. d4 cxd4 5. cxd4 d5 6. e5 Nc6 7. h3 f6 8. Bb5 Nh6 9. 0-0 0-0 10. Re1 Bf5 11. Nc3 Qd7 12. Qe2 a6 13. Ba4 b5 14. e6 Qd6 15. Bb3 Nb4 16. Bxh6 Bxh6 17. Rad1 Rad8 18. a3 Nc6 19. Nxd5 Na5 20. Ba2 g5 21. g4 Bg6 22. Ne3 Bg7 23. d5 f5 24. gxf5 Bh5 25. Kg2 Qf4 26. Rg1 Nc4 27. Bxc4 bxc4 28. Ng4 Bxg4 29. hxg4 Qxg4+ 30. Kf1 Qh3+ 31. Ke1 g4 32. Ng5 Qh2 33. Qxg4 Qe5+ 34. Kf1 Rxd5 35. Rxd5 Qxd5 36. Nf7 Qd3+ 37. Kg2 Rxf7 38. exf7+ Kxf7 39. Kh2 Qd6+ 40. f4 Qd4 41. Rg2 a5 42. Qh5+ Kf8 43. Qg5 Kf7 44. f6 Qxf6 45. Qxf6+ Bxf6 46. Rc2 Ke6 47. Rxc4 Bxb2 48. a4 Kd5 49. Rc7 Ba3 50. Kg3 Bc5 51. Rb7 Bb4 52. Rc7 Bc5 53. Kf3 h5 54. Rb7 1/2-1/2

[Event "Geraardsbergen op"]
[Site "Geraardsbergen"]
[Date "2003.08.15"]
[Round "4"]
[White "Morote, Patrick"]
[Black "Lot, Diederik"]
[Result "0-1"]
[WhiteElo "1624"]
[BlackElo "1855"]
[PlyCount "88"]
[EventDate "2003.08.??"]
[EventType "swiss"]
[EventRounds "7"]
[EventCountry "BEL"]
[SourceTitle "EXT 2005"]
[Source "ChessBase"]
[SourceDate "2004.11.15"]
[SourceVersion "1"]
[SourceVersionDate "2004.11.15"]
[SourceQuality "1"]

1. d4 d5 2. Nf3 Nf6 3. Bf4 e6 4. e3 Nbd7 5. Nbd2 c5 6. c3 a6 7. a4 Be7 8. h3 b6 9. Bd3 Bb7 10. 0-0 Rc8 11. Qb1 c4 12. Bc2 b5 13. axb5 axb5 14. Re1 Qb6 15. e4 dxe4 16. Nxe4 Nxe4 17. Bxe4 Nf6 18. Bxb7 Qxb7 19. Qa2 Nd5 20. Be5 b4 21. Qa4+ Kf8 22. Qa7 Qxa7 23. Rxa7 bxc3 24. bxc3 Nxc3 25. Bxg7+ Kxg7 26. Rxe7 Kf6 27. Rd7 Rhd8 28. Ne5 Rxd7 29. Nxd7+ Kg7 30. Re3 Nd5 31. Rg3+ Kh6 32. Ne5 Rc7 33. Ra3 c3 34. Ra1 Nb4 35. Rc1 Kg5 36. Kf1 Kf5 37. Ke2 Ke4 38. Nf3 Kd5 39. Ne1 Kxd4 40. Nc2+ Nxc2 41. Rxc2 Rb7 42. Kd1 Kd3 43. Rc1 Rb2 44. Ke1 c2 0-1